Umelé neurónové siete. Učenie s odmenou a trestom

Saved in:
Bibliographic Details
Main Author: Lacko, Peter (Author)
Other Authors: (Thesis advisor)
Format: Manuscript Book
Language:Slovak
Published: 2018
Subjects:
Online Access:http://is.stuba.sk/zp/portal_zp.pl?podrobnosti_zp=66929
Tags: Add Tag
No Tags, Be the first to tag this record!

MARC

LEADER 00000ntm a22000003a 4500
001 stuzp66929
003 SK-STU
005 20180816141253.5
007 ta
008 150427s2015----xo-----f-mn---000-0-slo-d
040 |a STU  |b slo 
041 0 |a slo 
100 1 |a Lacko, Peter  |u 070200  |4 aut  |U FIIT Fakulta informatiky a informačných technológií  |T FIIT Ústav informatiky, informačných systémov a softvérového inžinierstva  |X null  |U I200  |Y 179  |7 null 
242 0 1 |a Artificial neural networks, reinforcement learning  |y eng 
245 1 0 |a Umelé neurónové siete. Učenie s odmenou a trestom 
260 |c 2018 
650 4 |a umelé neurónové siete  |2 slo 
650 4 |a učenie s odmenou a trestom  |2 slo 
650 4 |a hranie hier  |2 slo 
650 4 |a artificial neural networks  |2 eng 
650 4 |a reinforcement learning  |2 eng 
650 4 |a game play  |2 eng 
700 1 |a ,  |4 ths  |X null  |7 null 
856 4 |u http://is.stuba.sk/zp/portal_zp.pl?podrobnosti_zp=66929